|
|
|
|
| LEADER |
00000nam0a2200000 4500 |
| 001 |
204481 |
| 005 |
20231031190051.0 |
| 010 |
|
|
|a 502011975X
|
| 020 |
|
|
|a RU
|b 91-33033
|
| 035 |
|
|
|a (RuTPU)RU\TPU\book\222887
|
| 090 |
|
|
|a 204481
|
| 100 |
|
|
|a 20111123d1991 km y0rusy5003 ca
|
| 101 |
0 |
|
|a rus
|
| 102 |
|
|
|a RU
|
| 105 |
|
|
|a y z 001zy
|
| 200 |
1 |
|
|a Топливно-энергетический комплекс автономной республики
|f В. И. Калика
|g Академия наук СССР (АН СССР), Уральское отделение (УО), Башкирский научный центр
|
| 210 |
|
|
|a Москва
|c Наука
|d 1991
|
| 215 |
|
|
|a 163,[3] с.
|
| 320 |
|
|
|a Библиогр.: с. 160-164 (120 назв.)/
|
| 610 |
1 |
|
|a топливно-энергетические комплексы
|
| 610 |
1 |
|
|a Россия
|
| 610 |
1 |
|
|a Башкирия
|
| 610 |
1 |
|
|a ТЭК
|
| 610 |
1 |
|
|a моделирование
|
| 610 |
1 |
|
|a планирование
|
| 610 |
1 |
|
|a прогнозирование
|
| 675 |
|
|
|a 620.9(470.57)
|z rus
|
| 686 |
|
|
|a 44.01
|2 rugasnti
|
| 700 |
|
1 |
|a Калика
|b В. И.
|g Владимир Исаакович
|4 070
|
| 712 |
0 |
2 |
|a Академия наук СССР (АН СССР)
|b Уральское отделение (УО)
|b Башкирский научный центр
|2 stltpush
|3 (RuTPU)RU\TPU\col\13072
|
| 801 |
|
0 |
|a RU
|b RuMRKP
|c 19950417
|g psbo
|
| 801 |
|
1 |
|a RU
|b 63413507
|c 20111123
|
| 801 |
|
2 |
|a RU
|b 63413507
|c 20111128
|g RCR
|
| 942 |
|
|
|c BK
|